000 00553nam a2200217 a 4500
001 0001-2043
003 ELIB.Books
008 190708 2010 eng
020 _aKBTS
092 _a248
_bSch
100 _aSchuller, Robert H.
245 _aBe Happy You are Loved
260 _aNashville
_bThomas Nelson Publishers
_c1986
300 _a256
_c23.5 Cm
650 _aChristian Life
856 _nKBTS Library
_uKBTS Elib
942 _2ddc
_cBK
990 _a1
998 _aEnglishbooks.elf
_ccat
_e2019-07-08
999 _c12043
_d12043